000 00730nam a22002417a 4500
003 UA-OsUOA
001 59343
007 ta
008 20090319b un ||||| |||| 00| 0 ukr d
090 _a821.161.2-343
_bУ-45
942 _cBK
040 _aUA-OsUOA
_bukr
_cUA-OsUOA
_dUA-OsUOA
245 _aУкраїнські народні казки: Казки Гуцульщини
_cзапис., упоряд. і літ. опрац. М. Зінчук
300 _a384 с.
955 _a3
041 _aukr
080 _a821.161.2-343
020 _a966-603-268-6
260 _aЛьвів
_bСвіт
_c2003
246 3 1 _aКн.1
_n
650 7 _a82 Література. Літературознавство
_2UDC
999 _c345426
_d345426